Länder des Heiligen Römischen Reiches im Jahre 1500 - Statistiken

Allgemein
  • Dieses Quiz wurde 558 mal gespielt
  • Das Durchschnittsergebnis liegt bei 20 aus 49
Antwortstatistiken
HRR Länder % Korrekt
Herzogtum Bayern
91%
Erzherzogtum Österreich
87%
Sachsen
87%
Markgrafen Brandenburg
76%
Herzogtum Württemberg
72%
Hamburg
71%
Königreich Böhmen
71%
Landgrafschaft Hessen
71%
Holstein
68%
Kurköln
68%
Mecklenburg
65%
Schweiz
59%
Kurpfalz
58%
Herzogtum Pommern
57%
Kurmainz
56%
Schleswig
56%
Herzogtum Braunschweig-Lüneburg
55%
Landgrafschaft Thüringen
52%
Bistum Lübeck
51%
Herzogtum Luxemburg
50%
Lübeck
50%
Kurtrier
48%
Herzogtum Oldenburg
47%
Burgundische Niederlande
42%
Erzbistum Salzburg
38%
Grafschaft Nassau
36%
Liechtenstein
36%
Augsburg
33%
Erzbistum Magdeburg
32%
Hochstift Münster
32%
Ostfriesland
32%
Grafschaft Lippe
30%
Bistum Würzburg
27%
Herzogtum Kleve
24%
Herzogtum Sachsen-Lauenburg
19%
Grafschaft Schaumburg
18%
Fürstentum Ansbach
17%
Herzogtum Mecklenburg-Schwerin
16%
Anhalt-Dessau
15%
Fürstbistum Lüttich
14%
Utrecht
12%
Geldern
10%
Herzogtum Modena und Reggio
8%
Anhalt-Köthen
7%
Erzbistum Trient
7%
Vogtland
5%
Herzogtum Urbino
4%
Fürstentum Calenberg
3%
Markgrafschaft von Mantua
3%
Keine übereinstimmenden Quizze gefunden
Verteilung der Resultate
Anzahl Personen mit jedem Resultat
Perzentil nach korrekt beantworteten Fragen
Ihre Resultats-Entwicklung
Sie haben dieses Quiz noch nicht gespielt